| 000 | 00346cam a2200133ua 4500 | ||
|---|---|---|---|
| 003 | OSt | ||
| 008 | 221107b |||||||| |||| 00| 0 eng d | ||
| 041 | _aeng | ||
| 082 |
_a338.634 _bINT/CR |
||
| 245 | _aCrafts of Jordan and Lebanon | ||
| 260 |
_aWashington : _binternational cooperation administration , _c1956. |
||
| 300 | _a61 ; . | ||
| 942 | _cBK | ||
| 999 |
_c11546 _d11546 |
||